000 00568cam a22002291 4500
001 sa 65005095
003 DLC
005 20260227112135.0
008 900920s1963 ii c 000 0 tamo
010 _asa 65005095
035 _a(OCoLC)22413308
040 _aDLC
_cWaU
_dDLC
042 _apremarc
043 _aa-ii---
050 0 0 _aCT1507.M3
_bA7
100 1 _aArunachalam, K.,
_d1912-
245 1 0 _aTamil̲akattin̲ oḷiviḷakku.
260 _c[1963]
300 _a192 p.
_bports.
_c18 cm.
500 _aIn Tamil.
651 0 _aChennai (India)
_vBiography.
999 _c64107
_d64107